| 000 | 00639nam a2200229 a 4500 | ||
|---|---|---|---|
| 001 | 12858 | ||
| 003 | BD-JhCC | ||
| 005 | 20230521100242.0 | ||
| 008 | 230521s2011 b a|||| |||| 000 0 be d | ||
| 020 | _a9845554180 | ||
| 035 | _a(BD-JhCC)12858 | ||
| 040 |
_aBD-JhCC _dBD-JhCC |
||
| 041 | _aben | ||
| 082 |
_a923 _bREB 2011 |
||
| 245 |
_aKazi Najrul Islam : _bthe rebel poet / _cNajrul Institute, Dhaka |
||
| 260 |
_aDhaka: _bNajrul Institute, _c2011. |
||
| 300 |
_a200 p. : _bIllutrations color page, _c26 cm. |
||
| 600 |
_aIslam, Kazi Najrul _tPoet |
||
| 650 | _aBiography | ||
| 710 | _aNajrul Institute, Dhaka | ||
| 942 |
_2ddc _cREF |
||
| 999 |
_c12858 _d12858 |
||